Language for daily use

Αποθηκεύτηκε σε:
Λεπτομέρειες βιβλιογραφικής εγγραφής
Μορφή: Βιβλίο
Γλώσσα:English
Δημοσίευση: Orlando : Harcourt Brace Jovanovich, 1983
Θέματα:
Ετικέτες: Προσθήκη ετικέτας
Δεν υπάρχουν, Καταχωρήστε ετικέτα πρώτοι!

MARC

LEADER 00000nam a2200000 i 4500
001 1/75535
008 971031s1983 eng d
020 |a 0-15-316738-6 
035 |a 1990  |b 2  |c Πολεμικού  |l 10032150 
040 |a GR-MY-UA  |b gre  |e aacr 
041 0 |a eng 
082 0 |a 428.24 
245 1 0 |a Language for daily use 
260 |a Orlando :   |b Harcourt Brace Jovanovich,   |c 1983 
300 |a 540 p. 
650 0 0 |a English language  |x Composition and exercises. 
650 0 0 |a English language  |x Study and teaching. 
852 |a INST  |b RHODES  |e 19971031  |h 428.24 LAN  |p 005400008334  |q 005400008334  |t BK  |y 0 
909 |a Ρ  |b 017685  |c 1990